Transporter II (Record no. 23552)

MARC details
000 -LEADER
fixed length control field 01345ngm a2200313 4500
003 - CONTROL NUMBER IDENTIFIER
control field dpl
005 - DATE AND TIME OF LATEST TRANSACTION
control field 20090212124335.0
007 - PHYSICAL DESCRIPTION FIXED FIELD--GENERAL INFORMATION
fixed length control field DVD
008 - FIXED-LENGTH DATA ELEMENTS--GENERAL INFORMATION
fixed length control field ||||||sp199 xxu|||||c|||| 00| 0 eng d
010 ## - LIBRARY OF CONGRESS CONTROL NUMBER
LC control number DVD-001623
024 ## - OTHER STANDARD IDENTIFIER
Standard number or code 29938
Terms of availability 499.00
035 ## - SYSTEM CONTROL NUMBER
System control number DVD-001623
040 ## - CATALOGING SOURCE
Original cataloging agency DPL
Transcribing agency DPL
082 ## - DEWEY DECIMAL CLASSIFICATION NUMBER
Classification number DVD / TRAN
245 ## - TITLE STATEMENT
Title Transporter II
Statement of responsibility, etc 20th Century Fox Presents
Medium [videorecording] DVD/
260 ## - PUBLICATION, DISTRIBUTION, ETC. (IMPRINT)
Name of publisher, distributor, etc 20th Century Fox Home Entertainment
300 ## - PHYSICAL DESCRIPTION
Extent 1 videodisc DVD; (88 min.) :
Other physical details sd., col. ;
Dimensions 4 3/4 in.
Type of unit DVD
440 ## - SERIES STATEMENT/ADDED ENTRY--TITLE
Title 20th Centyry Fox Home Entertainment
500 ## - GENERAL NOTE
General note Sole Distributor in India M/s. Excel Productions Autio Visuals Pvt. Ltd.
500 ## - GENERAL NOTE
General note From the maker of The Professional and La Femme Nikita
500 ## - GENERAL NOTE
General note This DVD is Copy Protected
538 ## - SYSTEM DETAILS NOTE
System details note Dolby Digital 5.1-English Subtitles: English,Thai,
538 ## - SYSTEM DETAILS NOTE
System details note Aspect Ratio: 2.35:1, Presentation type: Wide Screen, Presentation Size 16x9 Format DVD 9 Dual Layer Single Sided Disc.
650 ## - SUBJECT ADDED ENTRY--TOPICAL TERM
Topical term or geographic name as entry element Motion Picture
700 ## - ADDED ENTRY--PERSONAL NAME
Personal name Statham, Jaosn
942 ## - ADDED ENTRY ELEMENTS (KOHA)
Koha item type CD-ROMs, DVDs, VHS
Source of classification or shelving scheme Dewey Decimal Classification
Classification part DVD
Call number suffix TRAN
Holdings
Withdrawn status Lost status Source of classification or shelving scheme Damaged status Not for loan Home library Current library Date acquired Source of acquisition Cost, normal purchase price Total Checkouts Full call number Barcode Date last seen Date checked out Copy number Cost, replacement price Price effective from Koha item type
    Dewey Decimal Classification     Central Library Central Library 12/02/2009 Purchase 499.00 43 DVD TRAN DVD-001623 16/08/2018 13/08/2018 1 499.00 12/02/2009 CD-ROMs, DVDs, VHS

© Delhi Public Library
Hit Counter
free hit counter